00000000nam 2200000za 4500
0019.550560
003CaOODSP
00520250120083846
007ta
008150406|2008||||xxc|||||     f|0| 0 eng d
020 |a978-0-660-65193-4
022 |a0317-2376
040 |aCaOODSP|beng
041 |aeng
041 |afre
043 |an-cn---
0861 |aFR4-2008/5
1101 |aCanada. |bForeign Affairs and International Trade Canada.
24510|aTaxation : |bConvention between the Government of Canada and the Government of the Gabonese Republic for the Avoidance of Double Taxation and the Prevention of Fiscal Evasion with respect to Taxes on Income and on Capital, Libreville, 14 November 2002, in force 22 December 2008
260 |aOttawa - Ontario : |bForeign Affairs and International Trade |cc2010.
300 |a59p. ; |c25 cm.
4901 |aTreaty series|x0317-2376|v2008/5
563 |aSoftcover
590 |a10-07|b2010-02-19
7760#|tTaxation - Convention between the Government of Canada and the Government of the Gabonese Republic for the Avoidance of Double Taxation and the Prevention of Fiscal Evasion with respect to Taxes on Income and on Capital = |w(CaOODSP)9.947094
792 |tImposition : |efre|w(CaOODSP)9.550561
830#0|aTreaty series,|x0317-2376|v2008/5|w(CaOODSP)9.509228